000 01212cam a22002891 4500
001 gs 18000198
003 DLC
005 20260227111322.0
008 770304s1917 miuab s001 0 eng c
010 _ags 18000198
035 _a(OCoLC)2778730
040 _aU.S. Geol. Survey. Library
_cMiKC
_dDLC
043 _an-us-mi
050 0 0 _aQE125
_b.A4 no. 21
100 1 _aLeverett, Frank,
_d1859-1943.
245 1 0 _aSurface geology and agricultural conditions of Michigan,
_cby Frank Leverett, with a chapter on climate by C. F. Schneider, pub. as a part of the Annual report of the Board of geological survey for 1917.
260 _aLansing, Mich.,
_bWynkoop, Hallenbeck, Crawford Co., state printers,
_c1917.
300 _a223 p.
_billus., xv pl. (part fold., 1 double; incl. maps) diagrs.
_c24 cm.
490 0 _aMichigan. Geological and Biological Survey. Publication 25. Geological series 21.
500 _aTwo folded maps in pocket.
500 _aA combined revised edition of publications 7 and 9.
650 0 _aGeology
_zMichigan.
650 0 _aAgriculture
_zMichigan.
651 0 _aMichigan
_xClimate.
650 0 _aPhysical geography
_zMichigan.
700 1 _aSchneider, Charles Frederick,
_d1866-
999 _c25847
_d25847